| 000 | 01706nam a2200529 i 4500 | ||
|---|---|---|---|
| 001 | 33436 | ||
| 003 | KOSZ 005 | ||
| 005 | 20240405063100.0 | ||
| 008 | 210406s1997 pl f 000 0 pol | ||
| 015 | _aUWD 1997/13233 | ||
| 020 | _a8387286265 | ||
| 035 | _a991005118389705066 | ||
| 035 | _a(PL-WaBN)b11342754-48omnis_nlop | ||
| 035 | _ab11342754 | ||
| 035 | _a(OCoLC)169835717 | ||
| 035 | _azz2007801745 | ||
| 035 | _a(PL)b0000001134275 | ||
| 035 | _a(EXLNZ-48OMNIS_NETWORK)9910400390705606 | ||
| 040 |
_aWA N _cWA N _dKOSZ 005/RW |
||
| 046 | _k1997 | ||
| 080 | _a347.78(438) | ||
| 080 | _a341.24 | ||
| 080 | _a(094.4) | ||
| 100 | 1 |
_aBarta, Janusz _d(1947-2021) _eAutor |
|
| 245 | 1 | 0 |
_aPrawo autorskie : _bprzepisy, orzecznictwo, umowy międzynarodowe / _cJanusz Barta, Ryszard Markiewicz. |
| 260 |
_aWarszawa : _b"ABC", _ccopyright 1997. |
||
| 300 |
_a792 strony ; _c21 cm. |
||
| 336 |
_aTekst _btxt _2rdacontent |
||
| 337 |
_aBez urządzenia pośredniczącego _bn _2rdamedia |
||
| 338 |
_aWolumin _bnc _2rdacarrier |
||
| 380 | _aKsiążki | ||
| 380 | _aPublikacje fachowe | ||
| 388 | 1 | _a1901-2000 | |
| 388 | 1 | _a1989-2000 | |
| 648 | 7 | _a1901-2000 | |
| 648 | 7 | _a1989-2000 | |
| 650 | 7 |
_aOrzecznictwo cywilne _2DBN |
|
| 650 | 7 |
_aPrawo autorskie _2DBN |
|
| 651 | 7 | _aPolska | |
| 658 | _aPrawo i wymiar sprawiedliwości | ||
| 650 | 7 | _aUmowa międzynarodowa | |
| 700 | 1 |
_aMarkiewicz, Ryszard _d(1948- ) _eAutor |
|
| 710 | 2 |
_aDom Wydawniczy ABC _4pbl |
|
| 856 |
_uhttp://koha.tu.koszalin.pl/cgi-bin/koha/opac-detail.pl?biblionumber=33436 _yKatalog online BPK |
||
| 942 |
_2UKD _cKS |
||
| 999 |
_c33436 _d33436 |
||